The police invention of humanity: notes on the "thin blue line"

This article unpacks the idea of police as a "thin blue line" as narrating a story about the police invention of the human through a civilizing and exterminating war against beasts. To speak in the name of the "thin blue line", then, is to articulate the police as the primary for...

Full description

Saved in:  
Bibliographic Details
Main Author: Wall, Tyler (Author)
Format: Electronic Article
Language:English
Published: 2020
In: Crime, media, culture
Year: 2020, Volume: 16, Issue: 3, Pages: 319-336
Online Access: Volltext (lizenzpflichtig)
Check availability: HBZ Gateway
Keywords:

MARC

LEADER 00000caa a22000002c 4500
001 1858747236
003 DE-627
005 20240308132756.0
007 cr uuu---uuuuu
008 230904s2020 xx |||||o 00| ||eng c
024 7 |a 10.1177/1741659019873757  |2 doi 
035 |a (DE-627)1858747236 
035 |a (DE-599)KXP1858747236 
040 |a DE-627  |b ger  |c DE-627  |e rda 
041 |a eng 
084 |a 2,1  |2 ssgn 
100 1 |a Wall, Tyler  |e VerfasserIn  |4 aut 
109 |a Wall, Tyler 
245 1 4 |a The police invention of humanity: notes on the "thin blue line"  |c Tyler Wall 
264 1 |c 2020 
300 |b Illustrationen 
336 |a Text  |b txt  |2 rdacontent 
337 |a Computermedien  |b c  |2 rdamedia 
338 |a Online-Ressource  |b cr  |2 rdacarrier 
500 |a Literaturverzeichnis 
520 |a This article unpacks the idea of police as a "thin blue line" as narrating a story about the police invention of the human through a civilizing and exterminating war against beasts. To speak in the name of the "thin blue line", then, is to articulate the police as the primary force which secures, or makes possible, all the things said to be at the core of "human" existence: liberty, security, property, sociality, accumulation, law, civility, and even happiness. The current project is less a history of the thin blue line slogan than a more conceptually grounded sketch, and abolitionist critique, of its most basic premises: the idea at the heart of thin blue line is that the most routine mode of violent state prerogative "the police power" is imagined as always a defense of civilization, which at once means the "human species". In other words, thin blue line, to use a formulation from Sylvia Wynter, is best understood as a defense of a particular genre of the human, or "Man" that "overrepresents itself as if it were the human itself". But importantly, thin blue line articulates this police project of inventing the human as always incomplete, insecure, and unstable. Of course, it must always be incomplete, because it is through its inability to fully eradicate the bestial trace that police claim a license to endless war in the name of humanity. As a discourse of ordinary emergency, thin blue line becomes an expression of what Diren Valayden outlines as "racial feralization" or the colonial bourgeois anxiety that humanity will regress back into a violent nature. A critique of the thin blue line encourages a consideration of how fantasies and failures of becoming human animate all things police, including the racialized violence at the heart of the police project. 
650 4 |a Humanity 
650 4 |a police power 
650 4 |a racial feralization 
650 4 |a racialized state violence 
650 4 |a thin blue line 
773 0 8 |i Enthalten in  |t Crime, media, culture  |d Thousand Oaks, Calif. : Sage, 2005  |g 16(2020), 3, Seite 319-336  |h Online-Ressource  |w (DE-627)48361078X  |w (DE-600)2183400-3  |w (DE-576)26132540X  |x 1741-6604  |7 nnas 
773 1 8 |g volume:16  |g year:2020  |g number:3  |g pages:319-336 
856 4 0 |u https://doi.org/10.1177/1741659019873757  |x Resolving-System  |z lizenzpflichtig  |3 Volltext  |7 1 
951 |a AR 
ELC |a 1 
LOK |0 000 xxxxxcx a22 zn 4500 
LOK |0 001 4372387105 
LOK |0 003 DE-627 
LOK |0 004 1858747236 
LOK |0 005 20240308132756 
LOK |0 008 230904||||||||||||||||ger||||||| 
LOK |0 040   |a DE-21-110  |c DE-627  |d DE-21-110 
LOK |0 092   |o n 
LOK |0 852   |a DE-21-110 
LOK |0 852 1  |9 00 
LOK |0 935   |a krzo 
LOK |0 939   |a 04-09-23  |b l01 
ORI |a SA-MARC-krimdoka001.raw